Music Quiz

Random Music or Lyrics Quiz

Last Lines of Songs II Quiz Stats

 Plays Quiz Updated Feb 1, 2015

Challenge
Share
Tweet
Embed
Score 0/16 Timer 07:00
1 Play Today
Lyric Song Title % Correct
You can check out any time you like, but you can never leave.Hotel California
86.1%
Everybody's gone surfin', [Title].Surfin' USA
83.6%
Well, you ain't never caught a rabbit, you ain't no friend of mine.Hound Dog
77.5%
Every claim you stake, I'll be watching you.Every Breath You Take
77.3%
All the lonely people, where do they all belong?Eleanor Rigby
71%
Two American kids doing the best they can.Jack and Diane
64.7%
Hold on to that feelin'. Streetlight people.Don't Stop Believin'
56.1%
And you've got us feeling alrightPiano Man
50.3%
Lyric Song Title % Correct
Teenage wasteland. They're all wasted!Baba O'Riley
48.6%
I just want you to know who I am.Iris
42.3%
I don't belong here.Creep
40.1%
That was just a dream, just a dream, dream.Losing My Religion
38.4%
A denial, a denial, a denial, a denial.Smells Like Teen Spirit
37.8%
'Cause every little thing gonna be all right.Three Little Birds
31%
You can do anything you set your mind to, man.Lose Yourself
8.3%
And I'll make it, yeah, but my soul will have to wait (yeah yeah yeah)Santeria
7.9%

You're not logged in!

Compare scores with friends on all Sporcle quizzes.
OR
Log In

You Might Also Like...

Show Comments

Extras

Top Quizzes Today


Score Distribution

Your Account Isn't Verified!

In order to create a playlist on Sporcle, you need to verify the email address you used during registration. Go to your Sporcle Settings to finish the process.

Report this User

Report this user for behavior that violates our Community Guidelines.

Details: